=LDR 00000nam 2200000 4500 =001 INLIS000000000046075 =005 20150216075230.0 =006 =007 =008 =020 ##$$a 978-979-756-021-8 =035 ##$$0010-021500000000636 =040 ##$$a NBPDMAT =082 ##$$a 372.7 =090 ##$$a 372.7 $b Ala a =100 ##$$a Alanna Faradiana =245 ##$$a Ayo, Mengukur Kelajuan $c Oleh Alanna Faradiana, Dudi Ferdiana =260 ##$$a Surabaya $b Graha Ilmu Mulia $c 2011 =300 ##$$a iv, 52 hlm. : $b ilus. ; $c 25 cm. =500 ##$$a Bibliografi : hlm. 52 =650 ##$$a Matematika - Kelajuan =700 ##$$a Dudi Ferdiana =850 ##$$a NBPDMAT